Z jakiego państwa są ci skoczkowie - Statystyki

Ogólne statystyki
  • Ten quiz został rozwiązany 375 razy
  • Średni wynik to 25 z 28
Statystyki odpowiedzi
Obrazkowy Hint Odpowiedź % Poprawnych
Kamil Stoch Polska
99%
Stefan Kraft Austria
97%
Ryoyu Kobayashi Japonia
97%
Karl Geiger Niemcy
97%
Dawid Kubacki Polska
97%
Robert Johansson Norwegia
96%
Roman Koudelka Czechy
95%
Peter Prevc Słowenia
94%
Dimitry Vassilliev Rosja
93%
Evgeniy Klimov Rosja
92%
Timi Zajc Slowenia
92%
Antti Aalto Finlandia
91%
Constantin Schmid Niemcy
91%
Stephan Leyhe Niemcy
90%
Daniel Andre-Tande Norwegia
90%
Michael Hayboeck Austria
89%
Marius Lindvik Norwegia
89%
Simon Ammann Szwajcaria
88%
Mackenzie Boyd-Clowes Kanada
85%
Kevin Bickner Stany Zjednoczone
84%
Federico Cecon Włochy
84%
Valdimir Zografski Bułgaria
83%
Sabirzhan Muminov Kazachstan
80%
Killian Peier Szwajcaria
80%
Sergey Tkachenko Kazachstan
78%
Alex Insam Włochy
75%
Artti Aigro Estonia
74%
Jonathan Learoyd Francja
69%
Nie znaleziono quizów pasujących do podanych kryteriów
Rozkład punktacji
Procent ludzi z każdym wynikiem
Percentyl według liczby udzielonych odpowiedzi
Twoja historia wyników
Nie rozwiązałeś tego quizu